01781cam a22003017a 4500999001700000001000900017005001700026008004100043010001700084020004600101040001800147050002100165082001700186100002100203245004800224260003700272300004000309504005100349520065600400650003601056650001601092650004401108650005401152650006101206906004501267942003301312952013401345 c30930d309301735497620210209102603.0120620s2013 fluabo b 001 0 eng  a 2012025083 a9781439848814 (hardback : acidfree paper) aDLCcDLCdDLC00aRA639.5.G63 201300a616.9/682231 aGoddard, Jerome.10aPublic health entomology /cJerome Goddard. aBoca Raton :bCRC Press,cc2013. axix, 210 p. :bill., maps ;c24 cm. aIncludes bibliographical references and index. a"Increasing problems of emerging and re-emerging infectious diseases, brought about, at least in part, by vectors fueled by increased worldwide travel and commerce, make this a highly timely book for anyone in the public practice of medical and veterinary entomology, including entomologists, public health officials, and pest control technicians and managers. Employing a reader-friendly style with bulleted texts, scenarios, and case history boxes, it targets the major vectors and pests of medical and public health importance, addresses regulatory and academic medical entomology, and discusses disease vector control with worldwide application"-- 0aInsects as carriers of disease. 0aEntomology. 7aMEDICAL / Infectious Diseases2bisacsh. 7aMEDICAL / Veterinary Medicine / General2bisacsh. 7aSCIENCE / Life Sciences / Zoology / Entomology2bisacsh. a7bcbccorignewd1eecipf20gy-gencatlg 2lcccBOOKShRA639.5.G63 2013 00102lcc4070aMUCbMUCcGENd2021-02-09eDonation(educate yourself)l0oRA639.5.G63 2013p23599r2021-02-09w2021-02-09yBOOKS